|
|
|
|
| LEADER |
00000nam a22000007a 4500 |
| 005 |
20141202160036.0 |
| 007 |
cr|||| |||| |
| 008 |
141202c20139999br |||| s|||| 0||| 1por d |
| 035 |
|
|
|a 12520
|
| 040 |
|
|
|a vLex
|
| 090 |
|
|
|c 5306
|d 5306
|
| 245 |
0 |
0 |
|a CNJ - Boletim de acompanhamento
|h [Recurso electrn̤ico]
|
| 256 |
|
|
|a Servicio en ln̕ea
|
| 260 |
|
|
|a Barcelona :
|b Editorial vLex,
|c 2013 -
|
| 300 |
|
|
|a 1 recurso electrn̤ico
|
| 362 |
|
|
|a Nm︢. 1 (2013) -
|
| 506 |
1 |
|
|a Contenido disponible en los productos indicados
|d vLex Global
|d vLex Global (Academic Edition, excluding Law Schools)
|d vLex Global (U.S. Academic Edition, Law Schools)
|d vLex Global (U.S. Academic Edition, excluding Law Schools)
|d vLex Global (Academic Edition, Law Schools)
|
| 610 |
|
|
|a Brasil.
|b Conselho Nacional de Justiȧ
|
| 650 |
0 |
4 |
|a Jurisprudencia
|z Brasil
|
| 740 |
0 |
|
|a vLex Revistas (Servicio en ln̕ea)
|
| 856 |
4 |
0 |
|u http://vlex.com/source/cnj-boletim-acompanhamento-12520
|z Acceso restringido
|
| 942 |
|
|
|c REV
|
| 999 |
0 |
|
|a Jurisprudence
|